000 00928nam a2200217Ia 4500
003 OSt
005 20241007102201.0
007 ca aa aaaaa
008 201103s9999 xx 000 0 und d
040 _cSSBUL
041 _abur
082 _a၂၉၄.၃၈၂၃၅၃
_223
_b၁၃၁၆၄ S-SAT
100 0 _a သြဘာသ၊ ဦး၊ ဆရာတော်၊ မင်းပူး-
_954914
245 1 0 _aမဟောသဓဇာတ်တော်ကြီး၊
_nပထမတွဲ /
_c မင်းပူးဆရာတော်ဦးဩဘာသ။
260 _aရန်ကုန် ၊
_bပြန်ကြားရေးဝန်ကြီးဌာန၊
_c၁၉၈၄။
300 _aဍ၊ ၃၂၂ စာမျက်နှာ ၊
_c၁၇ စင်တီ။
500 _aS-SAT: Dr. Sai Aung Tun
650 _aဇာတ်တော်ကြီး
_934528
650 _aဇာတက
942 _2ddc
_cBK1
999 _c15931
_d15931